<?xml version="1.0" encoding="UTF-8"?>
<record
    xmlns:xsi="http://www.w3.org/2001/XMLSchema-instance"
    xsi:schemaLocation="http://www.loc.gov/MARC21/slim http://www.loc.gov/standards/marcxml/schema/MARC21slim.xsd"
    xmlns="http://www.loc.gov/MARC21/slim">

  <leader>00364nam a2200181Ia 4500</leader>
  <datafield tag="100" ind1=" " ind2=" ">
    <subfield code="a">Raj Kamal </subfield>
  </datafield>
  <datafield tag="650" ind1=" " ind2=" ">
    <subfield code="a">Embedded systems</subfield>
  </datafield>
  <datafield tag="250" ind1=" " ind2=" ">
    <subfield code="a">2</subfield>
  </datafield>
  <datafield tag="942" ind1=" " ind2=" ">
    <subfield code="c">BK</subfield>
  </datafield>
  <datafield tag="366" ind1=" " ind2=" ">
    <subfield code="f">17.5</subfield>
  </datafield>
  <datafield tag="654" ind1=" " ind2=" ">
    <subfield code="a">embedded system</subfield>
  </datafield>
  <datafield tag="245" ind1=" " ind2=" ">
    <subfield code="a">Embedded system</subfield>
  </datafield>
  <datafield tag="260" ind1=" " ind2=" ">
    <subfield code="b">McGraw Hill</subfield>
    <subfield code="c">2008</subfield>
  </datafield>
  <datafield tag="082" ind1=" " ind2=" ">
    <subfield code="a">003.3/RAJ</subfield>
    <subfield code="b">RAJ</subfield>
  </datafield>
  <datafield tag="300" ind1=" " ind2=" ">
    <subfield code="a">681</subfield>
  </datafield>
  <datafield tag="546" ind1=" " ind2=" ">
    <subfield code="a">ENGLISH</subfield>
  </datafield>
  <datafield tag="999" ind1=" " ind2=" ">
    <subfield code="c">23958</subfield>
    <subfield code="d">23958</subfield>
  </datafield>
  <datafield tag="952" ind1=" " ind2=" ">
    <subfield code="0">0</subfield>
    <subfield code="1">0</subfield>
    <subfield code="4">0</subfield>
    <subfield code="7">0</subfield>
    <subfield code="8">CRC</subfield>
    <subfield code="a">CRCE</subfield>
    <subfield code="b">CRCE</subfield>
    <subfield code="d">2023-03-17</subfield>
    <subfield code="e">Educational books and periodicals</subfield>
    <subfield code="g">288.75</subfield>
    <subfield code="i">189 dt 09/02/2009</subfield>
    <subfield code="l">2</subfield>
    <subfield code="o">003.3/RAJ RAJ</subfield>
    <subfield code="p">19339</subfield>
    <subfield code="r">2024-01-24</subfield>
    <subfield code="s">2024-01-12</subfield>
    <subfield code="v">350.00</subfield>
    <subfield code="w">0000-00-00</subfield>
    <subfield code="y">BK</subfield>
  </datafield>
  <datafield tag="952" ind1=" " ind2=" ">
    <subfield code="0">0</subfield>
    <subfield code="1">0</subfield>
    <subfield code="4">0</subfield>
    <subfield code="7">0</subfield>
    <subfield code="8">CRC</subfield>
    <subfield code="a">CRCE</subfield>
    <subfield code="b">428</subfield>
    <subfield code="d">2023-03-17</subfield>
    <subfield code="e">Educational books and periodicals</subfield>
    <subfield code="g">288.75</subfield>
    <subfield code="i">189 dt 09/02/2009</subfield>
    <subfield code="l">3</subfield>
    <subfield code="m">1</subfield>
    <subfield code="o">003.3/RAJ RAJ</subfield>
    <subfield code="p">19340</subfield>
    <subfield code="r">2025-12-20</subfield>
    <subfield code="s">2025-07-15</subfield>
    <subfield code="v">350.00</subfield>
    <subfield code="w">0000-00-00</subfield>
    <subfield code="y">BK</subfield>
  </datafield>
  <datafield tag="952" ind1=" " ind2=" ">
    <subfield code="0">0</subfield>
    <subfield code="1">0</subfield>
    <subfield code="4">0</subfield>
    <subfield code="7">0</subfield>
    <subfield code="8">CRC</subfield>
    <subfield code="a">CRCE</subfield>
    <subfield code="b">1234</subfield>
    <subfield code="d">2023-03-17</subfield>
    <subfield code="e">Educational books and periodicals</subfield>
    <subfield code="g">288.75</subfield>
    <subfield code="i">189 dt 09/02/2009</subfield>
    <subfield code="l">1</subfield>
    <subfield code="o">003.3/RAJ RAJ</subfield>
    <subfield code="p">19341</subfield>
    <subfield code="q">2009-08-28</subfield>
    <subfield code="r">2023-06-05</subfield>
    <subfield code="s">2023-06-05</subfield>
    <subfield code="v">350.00</subfield>
    <subfield code="w">0000-00-00</subfield>
    <subfield code="y">BK</subfield>
  </datafield>
  <datafield tag="952" ind1=" " ind2=" ">
    <subfield code="0">0</subfield>
    <subfield code="1">0</subfield>
    <subfield code="4">0</subfield>
    <subfield code="7">0</subfield>
    <subfield code="8">CRC</subfield>
    <subfield code="a">CRCE</subfield>
    <subfield code="b">CRCE</subfield>
    <subfield code="d">2023-03-17</subfield>
    <subfield code="e">Educational books and periodicals</subfield>
    <subfield code="g">288.75</subfield>
    <subfield code="i">189 dt 09/02/2009</subfield>
    <subfield code="l">0</subfield>
    <subfield code="o">003.3/RAJ RAJ</subfield>
    <subfield code="p">19342</subfield>
    <subfield code="r">2023-03-17</subfield>
    <subfield code="v">350.00</subfield>
    <subfield code="w">0000-00-00</subfield>
    <subfield code="y">BK</subfield>
  </datafield>
  <datafield tag="952" ind1=" " ind2=" ">
    <subfield code="0">0</subfield>
    <subfield code="1">0</subfield>
    <subfield code="4">0</subfield>
    <subfield code="7">0</subfield>
    <subfield code="8">CRC</subfield>
    <subfield code="a">CRCE</subfield>
    <subfield code="b">CRCE</subfield>
    <subfield code="d">2023-03-17</subfield>
    <subfield code="e">Educational books and periodicals</subfield>
    <subfield code="g">288.75</subfield>
    <subfield code="i">189 dt 09/02/2009</subfield>
    <subfield code="l">0</subfield>
    <subfield code="o">003.3/RAJ RAJ</subfield>
    <subfield code="p">19343</subfield>
    <subfield code="r">2023-03-17</subfield>
    <subfield code="v">350.00</subfield>
    <subfield code="w">0000-00-00</subfield>
    <subfield code="y">BK</subfield>
  </datafield>
</record>
